| 000 | 01003cab a2200205 4500 | ||
|---|---|---|---|
| 001 | ##L135402 | ||
| 008 | 061003n2006 000 0 eng u | ||
| 035 | _a(Sirsi) u135402 | ||
| 041 | 0 | _aeng | |
| 100 | 1 | _aBarrass, David | |
| 245 | 0 | 0 | _aBenchmark test for progress |
| 260 | _c2006 | ||
| 490 | 0 |
_aEstates Gazette _v(0641) 14October 2006, 221-222(2) |
|
| 520 | _aThis "Mainly for students" article is the third and final article examining the implications of the new RICS code of practice "Service charges in commercial property" (ISBN 1842193007). Discusses the issues surrounding compliance with the code and argues that although best practice is a challenge, it is not unachievable (see also L135035 and L135178). | ||
| 590 | _aKA | ||
| 650 | 2 | 4 | _aSERVICE CHARGES IN COMMERCIAL PROPERTY-RICS CODE OF PRACTICE |
| 651 | 4 |
_aEngland and Wales _y1543- |
|
| 690 | _aPROPERTY-COMMERCIAL PROPERTY-LEASEHOLD COMMERCIAL PROPERTY-COMMERCIAL LANDLORD AND TENANT-COMMERCIAL SERVICE CHARGES | ||
| 942 | _n0 | ||
| 999 |
_c77887 _d77887 |
||